Buckland SoS Environment (Record no. 62362)

MARC details
000 -LEADER
fixed length control field 00714cam a2200181 4500
001 - CONTROL NUMBER
control field X103893
008 - FIXED-LENGTH DATA ELEMENTS--GENERAL INFORMATION
fixed length control field 000000n2000 000 0 eng u
035 ## - SYSTEM CONTROL NUMBER
System control number (Sirsi) u103893
245 ## - TITLE STATEMENT
Title Buckland SoS Environment
260 ## - PUBLICATION, DISTRIBUTION, ETC.
Date of publication, distribution, etc. 2000
490 ## - SERIES STATEMENT
Series statement New Property Cases
Volume/sequential designation [2000] NPC 3(16/01/00)
520 ## - SUMMARY, ETC.
Summary, etc. QBD 11 January 2000. Failure of Inclosure Commissioners to comply with an Act of 1797 leads to the quashing of a decision that a byway is a Byway Open to All Traffic. DO NOT PHOTOCOPY.
650 ## - SUBJECT ADDED ENTRY--TOPICAL TERM
Topical term or geographic name entry element BUCKLAND AND ANOTHER V SOS ENVIRONMENT, TRANSPORT AND THE REGIONS AND ANOTHER
650 ## - SUBJECT ADDED ENTRY--TOPICAL TERM
Topical term or geographic name entry element BOAT
650 ## - SUBJECT ADDED ENTRY--TOPICAL TERM
Topical term or geographic name entry element BYWAYS
690 ## - LOCAL SUBJECT ADDED ENTRY--TOPICAL TERM (OCLC, RLIN)
Topical term or geographic name as entry element ENVIRONMENTAL AND LAND CONSULTANCY-PLANNING AND DEVELOPMENT
942 ## - ADDED ENTRY ELEMENTS (KOHA)
Suppress in OPAC 0
Holdings
Withdrawn status Lost status Source of classification or shelving scheme Damaged status Not for loan Home library Current library Shelving location Date acquired Total Checkouts Full call number Barcode Date last seen Copy number Price effective from Koha item type
    Dewey Decimal Classification     London London Journal article 31/01/2000   X103893 103893-1001 06/08/2019 1 06/08/2019 Law report